Letter of the keyboard - Statistics

General Stats
  • This quiz has been taken 42 times
  • The average score is 27 of 36
Answer Stats
Answer % Correct
e
100%
q
100%
i
94%
o
94%
p
94%
r
94%
t
94%
u
94%
w
94%
y
94%
a
88%
f
88%
h
88%
b
81%
c
81%
d
81%
g
81%
j
81%
k
81%
l
81%
n
81%
s
81%
m
75%
v
75%
z
75%
x
69%
1
56%
2
50%
3
50%
4
50%
5
50%
6
50%
7
50%
8
50%
9
50%
0
44%
No matching quizzes found
Score Distribution
Percent of People with Each Score
Percentile by Number Answered
Your Score History
You have not taken this quiz